Acarreo de divisas y costo de las reservas internacionales en México (Registro nro. 34768)

Detalles MARC
000 -LEADER
fixed length control field 00370 a2200121 4500
001 - CONTROL NUMBER
control field ART_46691
005 - DATE AND TIME OF LATEST TRANSACTION
control field 20260410162040.0
008 - FIXED-LENGTH DATA ELEMENTS--GENERAL INFORMATION
fixed length control field 260409a
100 1# - MAIN ENTRY--PERSONAL NAME
Personal name Rozo, Carlos
245 10 - TITLE STATEMENT
Title Acarreo de divisas y costo de las reservas internacionales en México
700 1# - ADDED ENTRY--PERSONAL NAME
Personal name Maldonado, Norma
773 0# - HOST ITEM ENTRY
Title Revista Cepal
Related parts - Nº 123 (dic. 2017)
Record control number REV45125

No hay ítems disponibles.